Bon Jovi - complete the lyrics - Statistics

General Stats
  • This quiz has been taken 47 times
  • The average score is 4 of 16
Answer Stats
Song Lyrics % Correct
Livin' On A Prayer Gina {works} the diner all day
98%
It's My Life This ain't a song for the {broken-hearted}
59%
Wanted Dead Or Alive On a {steel} {horse} I ride
44%
Bad Medicine There ain't {no} {doctor} that can cure my disease
39%
You Give Love A Bad Name You promised me {heaven}, {then} {put} me through hell
22%
Always This {Romeo} is bleeding, but you can't see {his} {blood}
20%
Keep The Faith Father, father, {please} {believe} {me}, I am laying down my guns
17%
I"ll Be There For You I heard your {suitcase} {say} goodbye
17%
Bed Of Roses With an {ironclad} {fist} I wake up and {french} kiss the morning
17%
Runaway {All} {your} {life} all you've asked when's your daddy {gonna} {talk} to you?
15%
Lay Your Hands On Me If you {want} {me} {to} lay my hands on you
15%
Living In Sin Or is it right to hold you and {kiss} {your} {lips} {goodnight}?
12%
Dry County Across the {border}, they turn water into {wine}
7%
Only Lonely {Fight} was all you knew, they're all the {same}
2%
Social Disease From the {White} {House} to the alleys
2%
Never Say Goodbye As I sit in the {smokey} {room}, a night about to {end}
0%
No matching quizzes found
Score Distribution
Percent of People with Each Score
Percentile by Number Answered
Your Score History
You have not taken this quiz